Romantic Sufism and contemplations/ (Record no. 208952)

MARC details
000 -LEADER
fixed length control field 00669nam a22002057a 4500
005 - DATE AND TIME OF LATEST TRANSACTION
control field 20250212110910.0
010 ## - LCCN (DPL NO)
LC control number ENG-143710
020 ## - INTERNATIONAL STANDARD BOOK NUMBER
International Standard Book Number 8170264820
Terms of availability 495.00
020 ## - INTERNATIONAL STANDARD BOOK NUMBER
International Standard Book Number 9788170264828
035 ## - SYSTEM CONTROL NUMBER
System control number EN-127242
037 ## - SOURCE OF ACQUISITION
Source of stock number/acquisition DBAD
082 ## - DEWEY DECIMAL CLASSIFICATION NUMBER
Classification number 881
100 ## - MAIN ENTRY--PERSONAL NAME
Personal name Gupta, Ashok
245 ## - TITLE STATEMENT
Title Romantic Sufism and contemplations/
Statement of responsibility, etc By Ashok Gupta
260 ## - PUBLICATION, DISTRIBUTION, ETC. (IMPRINT)
Place of publication, distribution, etc New Delhi
Name of publisher, distributor, etc Heritage Publishers
Date of publication, distribution, etc 2021
270 ## - ADDRESS
Address 19-A, Ansari Road, Daryaganj
City New Delhi
Postal code 110002
Telephone number 011-23264444
Electronic mail address info@heritagepublishers.in
300 ## - PHYSICAL DESCRIPTION
Extent xi,132p.
Other physical details Conclusion, Reference
Dimensions 23cm(pb)
700 ## - ADDED ENTRY--PERSONAL NAME
Personal name Gupta Ashok
Relator term Author
9 (RLIN) 77415
942 ## - ADDED ENTRY ELEMENTS (KOHA)
Source of classification or shelving scheme Dewey Decimal Classification
Item type English Books
Classification part 881
Call number suffix GUP
Holdings
Withdrawn status Lost status Not for loan Collection code Home library Current library Date acquired Source of acquisition Cost, normal purchase price Full call number Barcode Copy number Cost, replacement price Koha item type
      Fiction Central Library Central Library 07/02/2025 DBAD 495.00 881 GUP EN-127242 1 495.00 English Books

© Delhi Public Library
Hit Counter
free hit counter